Electrochemical Capacitors (Record no. 17891)

MARC details
000 -LEADER
fixed length control field 00806nam a2200121Ia 4500
008 - FIXED-LENGTH DATA ELEMENTS--GENERAL INFORMATION
fixed length control field 220615s9999||||xx |||||||||||||| ||und||
245 #0 - TITLE STATEMENT
Title Electrochemical Capacitors
546 ## - LANGUAGE NOTE
Language note English[eng]
650 ## - SUBJECT ADDED ENTRY--TOPICAL TERM
Topical term or geographic name entry element CNT||copper||composite||energy storage||DC microgrid||energy management||hybrid power system||energy efficiency||nickel-cobalt hydroxide||activated carbon||hybrid capacitor prototype case study||KOH aqueous electrolyte energy storage device||coin-cell prototype||electrochemical performance||starch||porous structure||NiMoO4/3D-rGO nanocomposite||NiMoO4 NPs||ball milling||electric double-layer capacitor||supercapacitor||electrode||specific capacitance||energy density||power density
700 ## - ADDED ENTRY--PERSONAL NAME
Personal name Kumagai, Seiji||Tashima, Daisuke
856 ## - ELECTRONIC LOCATION AND ACCESS
Uniform Resource Identifier <a href="https://mdpi.com/books/pdfview/book/2648">https://mdpi.com/books/pdfview/book/2648</a>
942 ## - ADDED ENTRY ELEMENTS (KOHA)
Koha item type E-Books
Holdings
Withdrawn status Lost status Damaged status Not for loan Home library Current library Date acquired Total Checkouts Date last seen Price effective from Koha item type
        Kerala University of Digital Sciences, Innovation and Technology Knowledge Centre Kerala University of Digital Sciences, Innovation and Technology Knowledge Centre 15/06/2022   15/06/2022 15/06/2022 E-Books